000 00639nam a2200277Ia 4500
005 20260324125227.0
008 008 260324s9999 xx 000 0 eng d
020 _a9780203870532
037 _aEBOOK
040 _aCRL
040 _beng
040 _cCRL
041 _2eng
041 _aeng
084 _qCRL
100 _aPat Thomson
_91177184
245 0 _aSchool Leadership - Heads on the Block?
260 _bTaylor and Francis
260 _c2009
365 _a
365 _b205
856 _uhttp://www.taylorfrancis.com/books/9780203870532
942 _cEBOOK
999 _c1772245
_d1772245